10 acteurs: Inception - Statistiques

Statistiques générales
  • Ce quiz a été pris 146 fois
  • Le résultat moyen est 5 sur 10
Statistiques - réponses
Rôle Réponse % Correct
Dom Cobb Leonardo DiCaprio
98%
Robert Fischer Cillian Murphy
70%
Mall Marion Cotillard
68%
Eames Tom Hardy
64%
Ariane Elliot Page
60%
Arthur Joseph Gordon-Levitt
45%
Miles Michael Caine
27%
Saito Ken Watanabe
19%
Browning Tom Berenger
9%
Yusef Dileep Rao
4%
Aucun quiz correspondant
Distribution des résultats
% des personnes avec chaque résultat
Percentile par nombre de réponses
Votre historique - résultats
Vous n’avez pas pris ce quiz